Statistics for Countries Without Paid Maternity Leave

Click here to take the quiz!

General Stats

  • This quiz has been taken 64 times
  • The average score is 2 of 7

Answer Stats

Country % Correct
United States
89%
Palau
23%
Nauru
23%
Tonga
21%
Papua New Guinea
16%
Liberia
12%
Suriname
2%

Score Distribution

Percentile by Number Answered

Percent of People with Each Score

Your Score History

You have not taken this quiz